Statistiche per Traccia il Tragitto di Marco Polo su una Mappa

Clicka qui per fare il quiz!

Statistiche generali

  • Questo quiz è stato fatto 245 volte
  • Il punteggio medio è 16 su 20

Risposte nella Mappa

Le risposte nella mappa del quiz sottostante sono codificate secondo una scala di colori dal rosso al verde in base alla % di persone che hanno risposto correttamente.
 

Statistiche sulle risposte

Country% Corretto
Italia
100%
Iran
82%
Israele
82%
Iraq
81%
Afghanistan
80%
Mongolia
80%
Turchia
80%
Cina
78%
Cina
77%
Italia
77%
India
76%
Birmania
75%
Vietnam
75%
Cina
74%
Iran
74%
Malesia
74%
Turchia
74%
Indonesia
73%
Sri Lanka
73%
Tagikistan
73%

Distribuzione punteggi

Percentile per numero di risposta

Percentuale di utenti per punteggio

I tuoi punteggi nel tempo

Non hai fatto questo quiz